000 00246nam a22001097a 4500
040 _cDLC
082 _a624.171
_bHIB
100 _aR.C. Hibbeler
245 _aStructural Analysis
440 _aStructural Analysis
_9133462
942 _2ddc
_cBK
_e11th
999 _c616423
_d616423